Mister monday

Bibliographic Details
Main Author: Nix,Garth
Format: Book
Published: London : HarperCollins Publishers , 2004
Subjects:

MARC

LEADER 00000cam a2200000 7i4500
001 0000008360
005 20070914.0
008 070914
020 |a 0007175019 
090 0 0 |a NIX   |b ENG 
100 1 |a Nix,Garth 
245 1 0 |a Mister monday   |c Garth Nix 
260 |a London :   |b HarperCollins Publishers ,   |c 2004 
650 0 |a English fiction 
999 |a 0000993356   |b Book   |c Adult Collection   |e Perbadanan Perpustakaan Awam Johor 
999 |a 0000993357   |b Book   |c Adult Collection   |e Perbadanan Perpustakaan Awam Johor 
999 |a 0000993358   |b Book   |c Adult Collection   |e Perbadanan Perpustakaan Awam Johor